|
|
|
|
| LEADER |
00000nam0a2200000 4500 |
| 001 |
265819 |
| 005 |
20231101233943.0 |
| 020 |
|
|
|a RU
|b 86-61865
|
| 035 |
|
|
|a (RuTPU)RU\TPU\book\288821
|
| 090 |
|
|
|a 265819
|
| 100 |
|
|
|a 20140630d1986 k y0rusy5003 ca
|
| 101 |
0 |
|
|a rus
|
| 102 |
|
|
|a RU
|
| 105 |
|
|
|a a z 001zy
|
| 200 |
1 |
|
|a Зоны нефтегазонакопления - главные объекты поисков
|e сборник научных трудов
|f Всесоюзный нефтяной научно-исследовательский геологоразведочный институт (ВНИГРИ) ; под ред. В. В. Самсонова
|
| 210 |
|
|
|a Ленинград
|c Изд-во ВНИГРИ
|d 1986
|
| 215 |
|
|
|a 164 с.
|c ил.
|
| 320 |
|
|
|a Библиогр. в конце статей
|
| 606 |
1 |
|
|a Нефтегазоносность
|x Происхождение
|2 stltpush
|3 (RuTPU)RU\TPU\subj\45618
|9 64811
|
| 610 |
1 |
|
|a зоны
|
| 610 |
1 |
|
|a поиск
|
| 610 |
1 |
|
|a предпосылки
|
| 610 |
1 |
|
|a формирование
|
| 610 |
1 |
|
|a Сибирская платформа
|
| 610 |
1 |
|
|a углеводороды
|
| 610 |
1 |
|
|a соленосные бассейны
|
| 610 |
1 |
|
|a нефть
|
| 610 |
1 |
|
|a газ
|
| 610 |
1 |
|
|a залежи
|
| 610 |
1 |
|
|a распределение
|
| 675 |
|
|
|a 552.578.2.061.3
|v 3
|
| 702 |
|
1 |
|a Самсонов
|b В. В.
|4 340
|
| 712 |
0 |
2 |
|a Всесоюзный нефтяной научно-исследовательский геологоразведочный институт (ВНИГРИ)
|c (Ленинград)
|c (1929-1991)
|2 stltpush
|3 (RuTPU)RU\TPU\col\7662
|
| 801 |
|
0 |
|a RU
|b RuMRKP
|c 19960705
|g psbo
|
| 801 |
|
1 |
|a RU
|b 63413507
|c 20140630
|
| 801 |
|
2 |
|a RU
|b 63413507
|c 20230119
|g RCR
|
| 942 |
|
|
|c BK
|